[Event "Barcelona Sant Marti op-B 15th"]
[Site "Barcelona"]
[Date "2013.07.21"]
[Round "9"]
[White "Lopez Pujol, Hector"]
[Black "Benet Saniger, Xavier"]
[Result "0-1"]
[WhiteElo "1885"]
[BlackElo "1797"]
[PlyCount "102"]
[EventDate "2013.07.13"]
[EventType "swiss"]
[EventRounds "9"]
[EventCountry "ESP"]
[SourceTitle "CBM 155 Extra"]
[Source "ChessBase"]
[SourceDate "2013.08.26"]
[SourceVersion "1"]
[SourceVersionDate "2013.08.26"]
[SourceQuality "1"]

1. d4 d5 2. Nf3 Nf6 3. e3 c6 4. c4 e6 5. Nc3 Nbd7 6. c5 a5 7. a3 b6 8. Qa4 Bb7 9. Qb3 Qc7 10. cxb6 Nxb6 11. Bd2 Bd6 12. Rc1 Qd8 13. Na4 Nxa4 14. Qxb7 0-0 15. Qb3 Nb6 16. Rxc6 Nc8 17. Bd3 Rb8 18. Qc2 Ne4 19. Bc1 Ne7 20. Ra6 Rc8 21. Qd1 Qc7 22. 0-0 Nc6 23. Qa4 Nf6 24. Bd2 Nd7 25. Bxa5 Qb7 26. Qb5 Qxb5 27. Bxb5 Ndb8 28. Rb6 Bc7 29. Rxc6 Nxc6 30. Bxc7 Rxc7 31. Rc1 Rfc8 32. Bxc6 Rxc6 33. Rxc6 Rxc6 34. Kf1 Rb6 35. b4 Ra6 36. Ne5 Kf8 37. b5 Rxa3 38. b6 Rb3 39. Ke2 f6 40. Nd7+ Ke7 41. Nc5 Rxb6 42. Kf3 Kd6 43. Nd3 e5 44. dxe5+ fxe5 45. Kg4 d4 46. f4 e4 47. Ne5 d3 48. Nc4+ Kc5 49. Nd2 Kd5 50. Kf5 g6+ 51. Kg5 Rb2 0-1

[Event "Barcelona Sant Marti op-B 15th"]
[Site "Barcelona"]
[Date "2013.07.16"]
[Round "4"]
[White "Fernandez Benito, Carlos Pablo"]
[Black "Lopez Pujol, Hector"]
[Result "1-0"]
[WhiteElo "1624"]
[BlackElo "1885"]
[PlyCount "57"]
[EventDate "2013.07.13"]
[EventType "swiss"]
[EventRounds "9"]
[EventCountry "ESP"]
[SourceTitle "CBM 155 Extra"]
[Source "ChessBase"]
[SourceDate "2013.08.26"]
[SourceVersion "1"]
[SourceVersionDate "2013.08.26"]
[SourceQuality "1"]

1. d4 Nf6 2. Nf3 g6 3. Bf4 Bg7 4. h3 d6 5. e3 c5 6. Be2 Qa5+ 7. Nbd2 Ne4 8. c3 Nxd2 9. Qxd2 Nd7 10. 0-0 Nf6 11. dxc5 Qxc5 12. Rfd1 0-0 13. Bh2 Ne4 14. Qc2 f5 15. Qb3+ Kh8 16. Nd4 e5 17. Ne6 Bxe6 18. Qxe6 f4 19. Qd5 fxe3 20. Qxe4 Rxf2 21. Qc4 Raf8 22. Rf1 Rxf1+ 23. Rxf1 Rxf1+ 24. Kxf1 Qxc4 25. Bxc4 a6 26. Ke2 b5 27. Bd5 Bh6 28. Bg1 Bg7 29. Bxe3 1-0